[Event "25. Copenhagen Open  (Politiken Cup)"]
[Site "Copenhagen"]
[Date "2003.07.22"]
[Round "8"]
[White "Olsson, Linus"]
[Black "Jakobsen, Ole"]
[Result "1/2-1/2"]
[WhiteElo "2244"]
[BlackElo "2381"]
[PlyCount "61"]
[EventDate "2003.07.14"]
[EventType "swiss"]
[EventRounds "11"]
[EventCountry "DEN"]
[SourceDate "2004.01.01"]

1. d4 Nf6 2. c4 e6 3. g3 Bb4+ 4. Nd2 O-O 5. Bg2 d5 6. Qc2 b6 7. Ngf3 Bb7 8. O-O
Re8 9. Rd1 Qc8 10. Ne5 Bf8 11. Ndf3 Ne4 12. Bf4 c5 13. Rac1 f6 14. Nd3 Na6 15.
cxd5 exd5 16. dxc5 bxc5 17. h4 Kh8 18. Nd2 Qe6 19. b3 Rac8 20. Qb1 d4 21. Nxe4
Bxe4 22. Bxe4 Qxe4 23. Rc2 Rcd8 24. Qc1 Rd5 25. Qa3 Qe6 26. Qa4 Rdd8 27. Rdc1
Qb6 28. Bd2 Qb7 29. Ba5 Rb8 30. Qc4 Qb5 31. Qxb5 1/2-1/2

[Event "25. Copenhagen Open  (Politiken Cup)"]
[Site "Copenhagen"]
[Date "2003.07.22"]
[Round "8"]
[White "Pallesen, Jacob"]
[Black "Pedersen, Rune Linnebo"]
[Result "1-0"]
[WhiteElo "2056"]
[BlackElo "1800"]
[PlyCount "43"]
[EventDate "2003.07.14"]
[EventType "swiss"]
[EventRounds "11"]
[EventCountry "DEN"]
[SourceDate "2004.01.01"]

1. d4 Nf6 2. Nf3 e6 3. Bf4 c5 4. e3 b6 5. Bd3 Bb7 6. O-O d5 7. c3 Be7 8. Nbd2
O-O 9. Ne5 Nbd7 10. Qf3 Rc8 11. Qh3 a6 12. Ndf3 Ne4 13. Nxd7 Qxd7 14. Ne5 Qd8
15. f3 Nf6 16. Bg5 g6 17. Bh6 Re8 18. g4 Nd7 19. f4 Nxe5 20. fxe5 Bg5 21. Bxg5
Qxg5 22. Rxf7 1-0

[Event "25. Copenhagen Open  (Politiken Cup)"]
[Site "Copenhagen"]
[Date "2003.07.22"]
[Round "8"]
[White "Pedersen, Bent O"]
[Black "Baark, Mathias"]
[Result "1/2-1/2"]
[WhiteElo "2058"]
[BlackElo "1800"]
[PlyCount "73"]
[EventDate "2003.07.14"]
[EventType "swiss"]
[EventRounds "11"]
[EventCountry "DEN"]
[SourceDate "2004.01.01"]

1. e4 d5 2. exd5 Qxd5 3. Nc3 Qa5 4. d4 Nf6 5. Nf3 Bg4 6. Be2 c6 7. O-O e6 8.
Ne5 Bxe2 9. Qxe2 Be7 10. Be3 O-O 11. a3 Nbd7 12. b4 Qc7 13. Bf4 Bd6 14. Bg3 b6
15. Rad1 Rfe8 16. Rfe1 Bxe5 17. dxe5 Nd5 18. Qf3 Nxc3 19. Qxc3 b5 20. Rd6 c5
21. Red1 Nb6 22. Qxc5 Qxc5 23. bxc5 Nd5 24. Rb1 a6 25. f3 Rec8 26. Bf2 Rc7 27.
Bd4 Kf8 28. a4 b4 29. a5 Nc3 30. Re1 Nb5 31. Be3 Nxd6 32. exd6 Rc6 33. Rb1 Rb8
34. Rb3 Rb5 35. Kf2 Ke8 36. Ke2 Kd7 37. Kd3 1/2-1/2

[Event "25. Copenhagen Open  (Politiken Cup)"]
[Site "Copenhagen"]
[Date "2003.07.22"]
[Round "8"]
[White "Pedersen, Kenneth"]
[Black "Hansen, Anders"]
[Result "0-1"]
[WhiteElo "1728"]
[BlackElo "2044"]
[PlyCount "72"]
[EventDate "2003.07.14"]
[EventType "swiss"]
[EventRounds "11"]
[EventCountry "DEN"]
[SourceDate "2004.01.01"]

1. d4 Nf6 2. c4 e6 3. Nf3 d5 4. e3 Be7 5. Nc3 O-O 6. Bd3 dxc4 7. Bxc4 a6 8. O-O
b5 9. Bd3 Bb7 10. a3 c5 11. dxc5 Bxc5 12. b4 Bd6 13. Bb2 Qe7 14. Qe2 Nbd7 15.
Rfd1 Rac8 16. Rac1 Nb6 17. Nb1 Rxc1 18. Rxc1 Rd8 19. Nbd2 Bb8 20. Bd4 Nbd7 21.
Nb3 e5 22. Bc5 Nxc5 23. bxc5 e4 24. Nfd4 exd3 25. Qxd3 Bc7 26. Qc3 Qe4 27. c6
Bc8 28. Nc5 Qe5 29. f4 Qd5 30. Qc2 Bxf4 31. exf4 Qxd4+ 32. Kh1 Ng4 33. c7 Re8
34. Nd3 Qxd3 35. Qc6 Qe3 36. g3 Qe2 0-1

[Event "25. Copenhagen Open  (Politiken Cup)"]
[Site "Copenhagen"]
[Date "2003.07.22"]
[Round "8"]
[White "Pedersen, Steen"]
[Black "Norton, Craig"]
[Result "0-1"]
[WhiteElo "1865"]
[BlackElo "2127"]
[PlyCount "66"]
[EventDate "2003.07.14"]
[EventType "swiss"]
[EventRounds "11"]
[EventCountry "DEN"]
[SourceDate "2004.01.01"]

1. e4 c5 2. Nf3 d6 3. d4 cxd4 4. Nxd4 Nf6 5. Nc3 g6 6. Be3 Bg7 7. f3 Nc6 8. Qd2
O-O 9. O-O-O Nxd4 10. Bxd4 Be6 11. Kb1 Qc7 12. g4 Rfc8 13. h4 Qa5 14. Qg5 b5
15. a3 Rab8 16. Nd5 Bxd5 17. exd5 b4 18. Qd2 Nxd5 19. Bxg7 Nc3+ 20. Kc1 Kxg7
21. Qd4+ e5 22. Qxd6 Rd8 23. Qxd8 Rxd8 24. Rxd8 Qxd8 25. bxc3 bxc3 26. Bc4 Qa5
27. Kd1 Qxa3 28. Ke2 Qc5 29. Bb3 a5 30. Ra1 f5 31. gxf5 gxf5 32. Rg1+ Kf6 33.
Ra1 f4 0-1

[Event "25. Copenhagen Open  (Politiken Cup)"]
[Site "Copenhagen"]
[Date "2003.07.22"]
[Round "8"]
[White "Pedersen, Thomas"]
[Black "Nielsen, Erik"]
[Result "1-0"]
[WhiteElo "1671"]
[BlackElo "1389"]
[PlyCount "41"]
[EventDate "2003.07.14"]
[EventType "swiss"]
[EventRounds "11"]
[EventCountry "DEN"]
[SourceDate "2004.01.01"]

1. e4 c5 2. f4 Nc6 3. Nf3 d6 4. Nc3 Bg4 5. Bb5 a6 6. Bxc6+ bxc6 7. O-O g6 8.
Qe1 Bg7 9. Qg3 Bxf3 10. Qxf3 e6 11. f5 d5 12. fxe6 f6 13. exd5 cxd5 14. Nxd5
Ra7 15. d3 f5 16. Be3 Qd6 17. Bf4 Be5 18. Bxe5 Qxe5 19. Rfe1 Qd4+ 20. Kh1 Qxb2
21. Rab1 1-0

[Event "25. Copenhagen Open  (Politiken Cup)"]
[Site "Copenhagen"]
[Date "2003.07.22"]
[Round "8"]
[White "Petersen, Nils"]
[Black "Salomonsen, Rune"]
[Result "1/2-1/2"]
[WhiteElo "2009"]
[BlackElo "1691"]
[PlyCount "62"]
[EventDate "2003.07.14"]
[EventType "swiss"]
[EventRounds "11"]
[EventCountry "DEN"]
[SourceDate "2004.01.01"]

1. c4 Nf6 2. Nc3 g6 3. d4 Bg7 4. e4 O-O 5. e5 Ne8 6. Nf3 d6 7. exd6 Nxd6 8. Be2
Nf5 9. d5 c6 10. O-O Qb6 11. Qb3 Qxb3 12. axb3 cxd5 13. Nxd5 Nc6 14. b4 Bd7 15.
b5 Ncd4 16. Nxd4 Nxd4 17. Nxe7+ Kh8 18. Bd1 Be6 19. Ra4 Rfd8 20. Be3 Rd7 21.
Nd5 Bxd5 22. Bxd4 Bxd4 23. cxd5 Rxd5 24. Bf3 Rd7 25. Bxb7 Rxb7 26. Rxd4 Rxb5
27. Rd2 Rab8 28. Rb1 a5 29. g3 a4 30. Ra1 Rb4 31. Rd7 Kg7 1/2-1/2

[Event "25. Copenhagen Open  (Politiken Cup)"]
[Site "Copenhagen"]
[Date "2003.07.22"]
[Round "8"]
[White "Petersen, Peter Birk"]
[Black "Skovgaard, Peter Nicolai"]
[Result "1-0"]
[WhiteElo "2221"]
[BlackElo "2038"]
[PlyCount "87"]
[EventDate "2003.07.14"]
[EventType "swiss"]
[EventRounds "11"]
[EventCountry "DEN"]
[SourceDate "2004.01.01"]

1. e4 c5 2. Nc3 a6 3. g3 b5 4. Bg2 Bb7 5. d3 e6 6. Nf3 Nf6 7. O-O g6 8. e5 Nd5
9. Ne4 f5 10. exf6 Nxf6 11. Bg5 Bxe4 12. dxe4 h6 13. Bc1 Nc6 14. Nh4 Rg8 15. f4
g5 16. fxg5 hxg5 17. e5 Nxe5 18. Nf3 Neg4 19. Nxg5 c4 20. Qe2 Qb6+ 21. Kh1 Rc8
22. Bf3 Nh6 23. Ne4 Nxe4 24. Bxe4 Qc5 25. Be3 Qe7 26. Bxh6 d5 27. Bxf8 Rxf8 28.
Rxf8+ Kxf8 29. Qh5 Qf6 30. Qf3 Qxf3+ 31. Bxf3 Ke7 32. c3 Rf8 33. Kg2 Kd6 34.
Re1 Re8 35. g4 e5 36. Kg3 e4 37. Be2 Kc5 38. Rf1 a5 39. g5 b4 40. h4 bxc3 41.
bxc3 d4 42. Rf5+ Kb6 43. cxd4 Rd8 44. g6 1-0

[Event "25. Copenhagen Open  (Politiken Cup)"]
[Site "Copenhagen"]
[Date "2003.07.22"]
[Round "8"]
[White "Rasmussen, Henning"]
[Black "Edvardsen, Ragnar"]
[Result "0-1"]
[WhiteElo "1816"]
[BlackElo "2092"]
[PlyCount "108"]
[EventDate "2003.07.14"]
[EventType "swiss"]
[EventRounds "11"]
[EventCountry "DEN"]
[SourceDate "2004.01.01"]

1. d4 Nf6 2. Nf3 e6 3. c4 c5 4. e3 cxd4 5. exd4 d6 6. Nc3 Be7 7. Bd3 a6 8. O-O
O-O 9. h3 Nbd7 10. Bf4 b6 11. Re1 Bb7 12. Nd2 Qc7 13. Rc1 Rfe8 14. Bg3 Rac8 15.
Nde4 Nxe4 16. Nxe4 f5 17. Nc3 Bf6 18. Ne2 g6 19. f3 e5 20. Bf2 Bg5 21. Rc3 Nf6
22. c5 bxc5 23. dxe5 Rxe5 24. Bd4 Re7 25. Bc4+ Kg7 26. Bxf6+ Bxf6 27. Rb3 Rce8
28. Rf1 Bc6 29. Nc3 Bd4+ 30. Kh1 a5 31. Nd5 Bxd5 32. Bxd5 Qd8 33. Bc6 Rf8 34.
Re1 Rff7 35. Bd5 Rxe1+ 36. Qxe1 Re7 37. Qc1 Qe8 38. Rb7 Rxb7 39. Bxb7 Qb5 40.
Bd5 Qxb2 41. Qxb2 Bxb2 42. Kg1 f4 43. Kf1 Kf6 44. Ke2 Ke5 45. Bg8 h6 46. Kd3 d5
47. Bf7 g5 48. Bg8 a4 49. Bf7 c4+ 50. Kc2 a3 51. Kd2 Kd4 52. Kc2 Kc5 53. Be6 d4
54. Bf7 d3+ 0-1

[Event "25. Copenhagen Open  (Politiken Cup)"]
[Site "Copenhagen"]
[Date "2003.07.22"]
[Round "8"]
[White "Remman, Frank"]
[Black "Mortensen, Henrik"]
[Result "1/2-1/2"]
[WhiteElo "1548"]
[BlackElo "2027"]
[PlyCount "199"]
[EventDate "2003.07.14"]
[EventType "swiss"]
[EventRounds "11"]
[EventCountry "DEN"]
[SourceDate "2004.01.01"]

1. d4 Nc6 2. Nf3 d6 3. e4 g6 4. h3 Bg7 5. Be3 e5 6. c3 a6 7. Bc4 Qe7 8. O-O h5
9. Ng5 f6 10. Nf3 Nh6 11. Nh4 exd4 12. Nxg6 Qxe4 13. Bd3 Qe6 14. Bxd4 Rg8 15.
Re1 Ne5 16. Qxh5 Nf3+ 17. Qxf3 Qxe1+ 18. Kh2 Nf7 19. Be3 Ng5 20. Qd5 Be6 21.
Qxb7 Rc8 22. Bxa6 Kf7 23. Nf4 Rge8 24. Nxe6 Nxe6 25. Qc6 Rb8 26. Bc4 Re7 27. b3
f5 28. Qf3 Be5+ 29. g3 Kg6 30. Be2 Rh8 31. Bd2 Ng5 32. Bxe1 Nxf3+ 33. Bxf3
Bxg3+ 34. fxg3 Rxe1 35. a4 Rhe8 36. Kg2 R8e3 37. Kf2 Re7 38. a5 Rc1 39. a6 Rc2+
40. Kf1 Rc1+ 41. Kf2 Rc2+ 42. Nd2 Rxd2+ 43. Kf1 Re3 44. Bb7 Re8 45. a7 Rd3 46.
a8=Q Rxa8 47. Rxa8 Rxc3 48. Bd5 Kf6 49. Kf2 Ke5 50. Bg8 d5 51. Ra5 c6 52. b4 f4
53. gxf4+ Kxf4 54. Rc5 Rb3 55. Rxc6 Rb2+ 56. Ke1 Rxb4 57. Bxd5 Rb5 58. Bc4 Rb2
59. Be6 Rh2 60. Bg4 Rb2 61. Rf6+ Kg5 62. Rf8 Ra2 63. Rh8 Rb2 64. Be2 Rb4 65.
Rh5+ Kg6 66. Kf2 Rb2 67. Rc5 Kh6 68. h4 Rb3 69. Rc6+ Kg7 70. Bf3 Rb2+ 71. Kg3
Rb4 72. h5 Rb8 73. Be4 Rd8 74. Kg4 Rb8 75. Kg5 Rb5+ 76. Bf5 Rb8 77. h6+ Kh8 78.
Rc7 Rg8+ 79. Kf6 Rf8+ 80. Ke5 Rd8 81. Ke6 Rf8 82. Bg6 Kg8 83. Rg7+ Kh8 84. Bf7
Rb8 85. Bg6 Rb6+ 86. Kf7 Rb7+ 87. Kf6 Rb6+ 88. Kf7 Rb7+ 89. Kf6 Rb6+ 90. Kf5
Rb5+ 91. Ke6 Rb6+ 92. Ke7 Rb7+ 93. Kf8 Rb8+ 94. Ke7 Rb7+ 95. Kf8 Rb8+ 96. Kf7
Rb7+ 97. Kf6 Rb6+ 98. Kf7 Rb7+ 99. Kf6 Rb6+ 100. Kf7 1/2-1/2

[Event "25. Copenhagen Open  (Politiken Cup)"]
[Site "Copenhagen"]
[Date "2003.07.22"]
[Round "8"]
[White "Richards, Heather"]
[Black "Greger, Roland Reinhard"]
[Result "0-1"]
[WhiteElo "2233"]
[BlackElo "2342"]
[PlyCount "166"]
[EventDate "2003.07.14"]
[EventType "swiss"]
[EventRounds "11"]
[EventCountry "DEN"]
[SourceDate "2004.01.01"]

1. e4 e6 2. d4 d5 3. Nc3 Bb4 4. e5 c5 5. Bd2 Nc6 6. Nb5 Bxd2+ 7. Qxd2 cxd4 8.
f4 Nh6 9. Nf3 O-O 10. Nbxd4 f6 11. O-O-O Nf7 12. exf6 Qxf6 13. Bd3 Bd7 14. g4
Nd6 15. Ne2 Be8 16. Ng5 Bg6 17. Bxg6 hxg6 18. Qe3 Rfe8 19. Qh3 Nf7 20. Qh7+ Kf8
21. Rhf1 Ke7 22. Nxf7 Qxf7 23. Qh4+ Qf6 24. Qg3 Rad8 25. f5 gxf5 26. gxf5 e5
27. Qb3 Qd6 28. Nc3 Nd4 29. Qa4 a6 30. Rde1 Kf7 31. Nd1 Qh6+ 32. Ne3 b5 33. Qa5
Nc6 34. Qd2 d4 35. Ng4 Qxd2+ 36. Kxd2 e4 37. f6 e3+ 38. Kc1 Nb4 39. a3 Nxc2 40.
fxg7+ Kxg7 41. Kxc2 d3+ 42. Kc3 e2 43. Rg1 d2 44. Ne3+ Kh7 45. Rxe2 d1=Q 46.
Rxd1 Rxd1 47. Nxd1 Rxe2 48. b3 Kg6 49. Kb4 Kf5 50. h4 Rd2 51. Nc3 Rd3 52. Ne2
Ke5 53. Nc1 Rd1 54. Ne2 Rd2 55. Ng1 Kd6 56. h5 Kc6 57. Nf3 Rd5 58. Ka5 Kb7 59.
h6 Rh5 60. a4 bxa4+ 61. Kxa4 Rxh6 62. Ne5 Kb6 63. Nd7+ Kc6 64. Ne5+ Kd5 65. Nd3
Rb6 66. Nb4+ Kc5 67. Nd3+ Kc6 68. Ne5+ Kb7 69. Nc4 Rh6 70. Kb4 Rh5 71. Na5+ Kb6
72. Nc4+ Kc6 73. Na5+ Kd5 74. Nc4 Kd4 75. Nb2 Rb5+ 76. Ka4 Kc3 77. Nd1+ Kd2 78.
Nf2 Re5 79. Ka3 Ke2 80. Ng4 Re6 81. b4 Kf3 82. Nh2+ Kg2 83. Ng4 Kg3 0-1

[Event "25. Copenhagen Open  (Politiken Cup)"]
[Site "Copenhagen"]
[Date "2003.07.22"]
[Round "8"]
[White "Rohrmueller, Ulrich"]
[Black "Schmied, Andreas"]
[Result "1-0"]
[WhiteElo "2268"]
[BlackElo "2124"]
[PlyCount "91"]
[EventDate "2003.07.14"]
[EventType "swiss"]
[EventRounds "11"]
[EventCountry "DEN"]
[SourceDate "2004.01.01"]

1. d4 Nf6 2. c4 e6 3. Nc3 d5 4. Bg5 Be7 5. e3 O-O 6. Nf3 h6 7. Bh4 Ne4 8. Bxe7
Qxe7 9. Rc1 c6 10. Bd3 Nxc3 11. Rxc3 dxc4 12. Bxc4 Nd7 13. O-O e5 14. Bb3 exd4
15. exd4 Nf6 16. Re1 Qd6 17. Ne5 Bf5 18. Nxf7 Rxf7 19. Bxf7+ Kxf7 20. Qb3+ Kf8
21. Qxb7 Rc8 22. Qxa7 Bd7 23. Qc5 Qxc5 24. dxc5 Rb8 25. Re2 Kf7 26. a3 Bg4 27.
f3 Be6 28. Rd2 Nd5 29. Rcd3 Bf5 30. Rd4 Rb3 31. Kf2 Ke7 32. g4 Bh7 33. Ra4 Bd3
34. h4 Kf6 35. Rd4 Bh7 36. f4 Bb1 37. h5 g6 38. hxg6 Kxg6 39. Re2 Kf6 40. Ra4
Rb5 41. b4 Nxf4 42. Re8 Ba2 43. Ra6 Bd5 44. Rb6 Nd3+ 45. Ke3 Nb2 46. Kd4 1-0

[Event "25. Copenhagen Open  (Politiken Cup)"]
[Site "Copenhagen"]
[Date "2003.07.22"]
[Round "8"]
[White "Rossen, Claus"]
[Black "Bering, Anders"]
[Result "1/2-1/2"]
[WhiteElo "2202"]
[BlackElo "2101"]
[PlyCount "69"]
[EventDate "2003.07.14"]
[EventType "swiss"]
[EventRounds "11"]
[EventCountry "DEN"]
[SourceDate "2004.01.01"]

1. d4 Nf6 2. Nf3 e6 3. c4 d5 4. g3 dxc4 5. Bg2 Nbd7 6. O-O a6 7. Qc2 Rb8 8.
Qxc4 b5 9. Qc2 Bb7 10. Bg5 Rc8 11. Ne5 Bxg2 12. Kxg2 c5 13. Nxd7 Qxd7 14. Bxf6
gxf6 15. dxc5 Rxc5 16. Qe4 Qc6 17. Qxc6+ Rxc6 18. Nc3 Bb4 19. a4 bxa4 20. Rxa4
Bxc3 21. Rc1 O-O 22. Rxc3 Rxc3 23. bxc3 Rc8 24. Rxa6 Rxc3 25. g4 Kg7 26. e3 Kg6
27. Ra7 Rc5 28. h4 h6 29. h5+ Kg7 30. f4 Rc2+ 31. Kf3 Rh2 32. Kg3 Re2 33. Ra3
Re1 34. Kf2 Rh1 35. Kg2 1/2-1/2

[Event "25. Copenhagen Open  (Politiken Cup)"]
[Site "Copenhagen"]
[Date "2003.07.22"]
[Round "8"]
[White "Roder, Peter"]
[Black "Madsen, Poul Henrik"]
[Result "1/2-1/2"]
[WhiteElo "2170"]
[BlackElo "2080"]
[PlyCount "84"]
[EventDate "2003.07.14"]
[EventType "swiss"]
[EventRounds "11"]
[EventCountry "DEN"]
[SourceDate "2004.01.01"]

1. d4 d5 2. c4 c6 3. Nc3 e6 4. Nf3 f5 5. Bf4 Nf6 6. e3 Bd6 7. Bxd6 Qxd6 8. Bd3
O-O 9. Qb3 Kh8 10. h3 Ne4 11. Qc2 Nd7 12. a3 e5 13. Bxe4 dxe4 14. Nxe5 Nxe5 15.
dxe5 Qxe5 16. Ne2 Be6 17. Rd1 Qc5 18. Rc1 Qa5+ 19. Qc3 Qxc3+ 20. Rxc3 Rad8 21.
Nd4 Bd7 22. c5 f4 23. Ke2 g5 24. Rb3 Bc8 25. Rc3 Kg7 26. b4 Rf6 27. a4 Rdf8 28.
f3 exf3+ 29. gxf3 fxe3 30. Rxe3 Rf4 31. Re4 Rxe4+ 32. fxe4 Rf4 33. Ke3 Rh4 34.
b5 cxb5 35. Nxb5 Bxh3 36. Nd6 Bd7 37. Rxh4 gxh4 38. a5 Bc6 39. Nf5+ Kf6 40.
Nxh4 Ke5 41. Nf3+ Ke6 42. Kf4 Kf7 1/2-1/2

[Event "25. Copenhagen Open  (Politiken Cup)"]
[Site "Copenhagen"]
[Date "2003.07.22"]
[Round "8"]
[White "Rorvik, Jon F"]
[Black "Johnson, Bjrn"]
[Result "0-1"]
[WhiteElo "2162"]
[BlackElo "2256"]
[PlyCount "96"]
[EventDate "2003.07.14"]
[EventType "swiss"]
[EventRounds "11"]
[EventCountry "DEN"]
[SourceDate "2004.01.01"]

1. c4 f5 2. Nc3 Nf6 3. g3 e6 4. Bg2 Be7 5. e3 O-O 6. Nge2 d5 7. b3 c6 8. d4 b6
9. cxd5 cxd5 10. O-O Ba6 11. Re1 Bb4 12. Bd2 Qe7 13. Nf4 Rd8 14. a3 Bxc3 15.
Bxc3 Nc6 16. Nd3 Rac8 17. Bb2 g5 18. f3 Bxd3 19. Qxd3 g4 20. fxg4 Nxg4 21. Rac1
Rc7 22. Rc3 Rdc8 23. Rec1 Nf6 24. Qc2 Qd6 25. b4 Ne8 26. Qa4 Kf7 27. Bf3 Ne7
28. Rxc7 Rxc7 29. Rf1 Nf6 30. g4 Qc6 31. Qa6 Qc4 32. Qxc4 Rxc4 33. gxf5 exf5
34. Rf2 Ke6 35. Bd1 Rc8 36. Bb3 Rg8+ 37. Kf1 Ne4 38. Rc2 Rc8 39. Rg2 Rg8 40.
Rc2 b5 41. a4 a6 42. axb5 axb5 43. Ke2 Rg1 44. Bc1 Kd6 45. Kf3 Ng6 46. Rc8 Kd7
47. Rc2 Nh4+ 48. Kf4 Kd6 0-1

[Event "25. Copenhagen Open  (Politiken Cup)"]
[Site "Copenhagen"]
[Date "2003.07.22"]
[Round "8"]
[White "Sakaev, Konstantin"]
[Black "Kallio, Heikki"]
[Result "1-0"]
[WhiteElo "2655"]
[BlackElo "2471"]
[PlyCount "91"]
[EventDate "2003.07.14"]
[EventType "swiss"]
[EventRounds "11"]
[EventCountry "DEN"]
[SourceDate "2004.01.01"]

1. d4 Nf6 2. Nf3 e6 3. c4 b6 4. a3 Ba6 5. Qc2 c5 6. d5 exd5 7. cxd5 g6 8. Nc3
d6 9. g3 Bg7 10. Bg2 O-O 11. O-O b5 12. b4 Nbd7 13. Bf4 Qb6 14. bxc5 Qxc5 15.
Be3 Qc4 16. Nd2 Qc7 17. Bd4 Nb6 18. Qb2 Nc4 19. Nxc4 bxc4 20. Na2 Rab8 21. Nb4
Bb5 22. Qc3 Qe7 23. a4 Bd7 24. Qxc4 Rfc8 25. Nc6 Qe8 26. Bxf6 Bxf6 27. Rab1
Rxb1 28. Rxb1 Bd8 29. Bf3 Bb6 30. Kg2 h5 31. h4 Bf5 32. Rb5 Qd7 33. a5 Bc5 34.
Qb3 Kh7 35. Qb2 Bh3+ 36. Kg1 a6 37. Rb7 Rc7 38. Rb8 Rc8 39. Rb7 Rc7 40. Rxc7
Qxc7 41. Qf6 Qd7 42. Be4 Qe8 43. Bd3 Bc8 44. Ne7 Bb7 45. g4 Bd4 46. Qxd4 1-0

[Event "25. Copenhagen Open  (Politiken Cup)"]
[Site "Copenhagen"]
[Date "2003.07.22"]
[Round "8"]
[White "Schjelderup, Nils-Jakob"]
[Black "Olsen, Miriam Frida"]
[Result "1-0"]
[WhiteElo "1587"]
[BlackElo "2036"]
[PlyCount "69"]
[EventDate "2003.07.14"]
[EventType "swiss"]
[EventRounds "11"]
[EventCountry "DEN"]
[SourceDate "2004.01.01"]

1. e4 c5 2. Nf3 d6 3. d4 cxd4 4. Nxd4 Nf6 5. Nc3 g6 6. Be3 Bg7 7. f3 O-O 8. Qd2
Nc6 9. O-O-O d5 10. Qe1 e6 11. h4 Qc7 12. h5 Nxd4 13. Rxd4 dxe4 14. hxg6 fxg6
15. Nxe4 Nd5 16. Rc4 Qe5 17. Bd4 Qf4+ 18. Kb1 Rd8 19. Rh4 Qf8 20. Bxg7 Qxg7 21.
Bd3 e5 22. Nc3 Nf4 23. Bf1 b6 24. Re4 g5 25. Rhxf4 gxf4 26. Rxe5 Kf8 27. Nd5
Bd7 28. Qb4+ Kg8 29. Re7 Qf8 30. Qd4 Bf5 31. Nf6+ Qxf6 32. Bc4+ Be6 33. Bxe6+
Qf7 34. Bxf7+ Kf8 35. Rd7 1-0

[Event "25. Copenhagen Open  (Politiken Cup)"]
[Site "Copenhagen"]
[Date "2003.07.22"]
[Round "8"]
[White "Schmidt, Horst Hubert"]
[Black "Nhr, Finn"]
[Result "1-0"]
[WhiteElo "1870"]
[BlackElo "2136"]
[PlyCount "53"]
[EventDate "2003.07.14"]
[EventType "swiss"]
[EventRounds "11"]
[EventCountry "DEN"]
[SourceDate "2004.01.01"]

1. d4 d5 2. Nf3 Nf6 3. e3 c6 4. Be2 Bf5 5. O-O e6 6. c4 dxc4 7. Bxc4 Be7 8. Nc3
b5 9. Bd3 b4 10. Ne2 Bg6 11. Qc2 Bxd3 12. Qxd3 Nbd7 13. a3 bxa3 14. bxa3 O-O
15. Bd2 c5 16. Rab1 Qc7 17. Rfc1 e5 18. dxe5 Nxe5 19. Nxe5 Qxe5 20. Bc3 Qe4 21.
Qa6 Nd5 22. Rb7 Rab8 23. Ng3 Qg6 24. Qxg6 hxg6 25. Rxa7 Ra8 26. Rd7 Rxa3 27.
Rxd5 1-0

[Event "25. Copenhagen Open  (Politiken Cup)"]
[Site "Copenhagen"]
[Date "2003.07.22"]
[Round "8"]
[White "Schuetzhold, Frank"]
[Black "Pedersen, Audun"]
[Result "1-0"]
[WhiteElo "2063"]
[BlackElo "1536"]
[PlyCount "49"]
[EventDate "2003.07.14"]
[EventType "swiss"]
[EventRounds "11"]
[EventCountry "DEN"]
[SourceDate "2004.01.01"]

1. b3 d5 2. Bb2 c5 3. e3 e6 4. Bb5+ Bd7 5. Bxd7+ Nxd7 6. f4 Ngf6 7. Nf3 Qc7 8.
O-O Bd6 9. d3 h6 10. Nbd2 O-O-O 11. d4 cxd4 12. Nxd4 Qb6 13. Qe2 Rhg8 14. Nb5
Bc5 15. Bd4 a6 16. Bxc5 Qxc5 17. Nd4 Qc3 18. Rac1 Nc5 19. Nb1 Qb2 20. Qe1 Nfe4
21. b4 Na4 22. c4 Kb8 23. Rc2 Qa1 24. Qd2 dxc4 25. Na3 1-0

[Event "25. Copenhagen Open  (Politiken Cup)"]
[Site "Copenhagen"]
[Date "2003.07.22"]
[Round "8"]
[White "Semcesen, Daniel"]
[Black "Bromann, Thorbjorn"]
[Result "1-0"]
[WhiteElo "2234"]
[BlackElo "2360"]
[PlyCount "63"]
[EventDate "2003.07.14"]
[EventType "swiss"]
[EventRounds "11"]
[EventCountry "DEN"]
[SourceDate "2004.01.01"]

1. e4 e6 2. d3 d5 3. Nd2 Nf6 4. Ngf3 b6 5. g3 Ba6 6. e5 Nfd7 7. Bg2 c5 8. O-O
Nc6 9. Re1 Qc7 10. Nf1 g6 11. Bf4 h6 12. h4 Bg7 13. Qe2 g5 14. hxg5 hxg5 15.
Bxg5 Ndxe5 16. Nxe5 Qxe5 17. Qg4 Qd4 18. Rxe6+ Kf8 19. Qf5 Bc8 20. Bxd5 Bxe6
21. Bxe6 f6 22. Re1 Qd8 23. Bc4 Nd4 24. Qe4 fxg5 25. c3 Bf6 26. cxd4 Kg7 27.
Qb7+ Kh6 28. Ne3 Qc8 29. Qd5 Re8 30. Kg2 Qc7 31. Rh1+ Kg7 32. Nf5+ 1-0

[Event "25. Copenhagen Open  (Politiken Cup)"]
[Site "Copenhagen"]
[Date "2003.07.22"]
[Round "8"]
[White "Skjoldan, Benjamin"]
[Black "Hvenekilde, Jorgen"]
[Result "0-1"]
[WhiteElo "2092"]
[BlackElo "2259"]
[PlyCount "98"]
[EventDate "2003.07.14"]
[EventType "swiss"]
[EventRounds "11"]
[EventCountry "DEN"]
[SourceDate "2004.01.01"]

1. d4 Nf6 2. c4 g6 3. g3 Bg7 4. Bg2 O-O 5. Nf3 d6 6. O-O Nc6 7. Nc3 Bf5 8. Nh4
Bd7 9. e4 e5 10. d5 Nd4 11. h3 c5 12. Be3 a6 13. Nf3 b5 14. Nd2 Rb8 15. Ncb1
Kh8 16. b3 Ng8 17. Na3 f5 18. Rc1 Nf6 19. Kh2 Qe8 20. Nc2 Nh5 21. Ne1 f4 22.
Bxd4 fxg3+ 23. fxg3 Rxf1 24. Bxf1 exd4 25. Nd3 Bh6 26. Bg2 Qe7 27. Rc2 Rf8 28.
Nf1 bxc4 29. Rxc4 Bb5 30. Rc2 c4 31. Nb2 d3 32. Rxc4 Bxc4 33. Nxc4 Rf2 34. Qxd3
Qf6 35. e5 dxe5 36. d6 e4 37. Qxe4 Rxf1 38. Bxf1 Qxf1 39. d7 Bg5 40. Nd6 Qf2+
41. Qg2 Qf8 42. Qb2+ Ng7 43. Qd4 h5 44. Ne4 Bd8 45. b4 Kh7 46. Nc5 h4 47. g4
Qf3 48. Qd3 Qf2+ 49. Kh1 Bc7 0-1

[Event "25. Copenhagen Open  (Politiken Cup)"]
[Site "Copenhagen"]
[Date "2003.07.22"]
[Round "8"]
[White "Skytte, Rasmus"]
[Black "Tallaksen, Geir Sune"]
[Result "1-0"]
[WhiteElo "2404"]
[BlackElo "2285"]
[PlyCount "75"]
[EventDate "2003.07.14"]
[EventType "swiss"]
[EventRounds "11"]
[EventCountry "DEN"]
[SourceDate "2004.01.01"]

1. d4 d5 2. e4 dxe4 3. Nc3 Nf6 4. f3 exf3 5. Nxf3 e6 6. Bc4 Be7 7. Qe2 Nc6 8.
Bd2 a6 9. O-O-O b5 10. Bd3 Nb4 11. Be4 Nxe4 12. Qxe4 Rb8 13. Qg4 g6 14. Bh6 Nd5
15. Nxd5 Qxd5 16. Qf4 Qd6 17. Qe3 Bb7 18. Rhf1 Bxf3 19. Qxf3 f6 20. Qh3 Kf7 21.
Bf4 Qd5 22. Kb1 Rbc8 23. g4 h5 24. Be5 Kg7 25. Qh4 Qd8 26. gxh5 Rxh5 27. Qg4
Rf5 28. Rg1 Qe8 29. Bf4 Bd6 30. Bc1 Kh7 31. Qh4+ Kg8 32. Qh6 g5 33. Bxg5 fxg5
34. Rxg5+ Rxg5 35. Qxg5+ Kh7 36. Rg1 Qf8 37. Qg6+ Kh8 38. Qh5+ 1-0

[Event "25. Copenhagen Open  (Politiken Cup)"]
[Site "Copenhagen"]
[Date "2003.07.22"]
[Round "8"]
[White "Solleveld, Maarten"]
[Black "Hovmoller, Kristian"]
[Result "1-0"]
[WhiteElo "2458"]
[BlackElo "2302"]
[PlyCount "155"]
[EventDate "2003.07.14"]
[EventType "swiss"]
[EventRounds "11"]
[EventCountry "DEN"]
[SourceDate "2004.01.01"]

1. e4 c5 2. Nf3 d6 3. d4 cxd4 4. Nxd4 Nf6 5. Nc3 a6 6. f4 e5 7. Nf3 Nbd7 8. a4
Be7 9. Bd3 O-O 10. O-O Nc5 11. Kh1 d5 12. Nxe5 Ncxe4 13. Bxe4 dxe4 14. Qe2 Bd6
15. Nxe4 Nxe4 16. Qxe4 Qe7 17. Be3 f6 18. Rad1 Bc7 19. Qd5+ Be6 20. Bc5 Rfd8
21. Bxe7 Rxd5 22. Rxd5 Bxd5 23. Nd3 Re8 24. Bc5 Be4 25. b4 Rd8 26. Re1 Bxd3 27.
cxd3 b6 28. Bg1 Rxd3 29. g3 b5 30. Re8+ Kf7 31. Ra8 Rd6 32. Ra7 Rc6 33. axb5
axb5 34. Rb7 Ke6 35. Rxb5 Kd7 36. Rd5+ Rd6 37. Rxd6+ Kxd6 38. b5 Bb8 39. Kg2
Kd5 40. Kh3 g6 41. f5 Ke4 42. fxg6 hxg6 43. Kg4 Kd5 44. Be3 Be5 45. Kf3 f5 46.
Ke2 Bf6 47. Kd3 g5 48. Bf2 Bd8 49. Bd4 Be7 50. Kc3 Bd8 51. Be3 Ke4 52. Kd2 Kd5
53. Kc3 Ke4 54. Kd2 Kd5 55. Kd3 Bf6 56. Bb6 Be5 57. Bf2 Bf6 58. Bg1 Be5 59. Be3
Bf6 60. Bf2 Be7 61. Kc3 Bd6 62. b6 Kc6 63. Kc4 Be5 64. h4 Bxg3 65. hxg5 Bf4 66.
g6 Bh6 67. Be3 Bg7 68. Bd4 Bh6 69. Kd3 Kb7 70. Ke2 Kc6 71. Kf3 Kb7 72. Be3 Bg7
73. Kf4 Kc6 74. Kxf5 Kd6 75. Bf4+ Kc6 76. Be5 Bh6 77. Bd4 Kd7 78. g7 1-0